000 00465nam a2200145 a 4500
001 000031344
005 20200930062850.0
008 110620s1954 dr c 000 0 spa d
040 _aDO-SdBNP
_bspa
_cBNPHU
082 _axxxx
_bP376s
100 1 _aPeguero Hijo, Miguel A.,
_qPh.
_957782
245 1 0 _aSpike en alto y crónicas viejas /
_cpor Ph.
260 _aCiudad Trujillo, República Dominicana :
_bEditora del Caribe,
_c1954.
300 _a210 p. :
_bretrs. ;
_c22 cm.
999 _c30836
_d30836